| 000 | nam a22 7a 4500 | ||
|---|---|---|---|
| 999 |
_c342246 _d342246 |
||
| 003 | NUST | ||
| 005 | 20171214121059.0 | ||
| 008 | 171214b xxu||||| |||| 00| 0 eng d | ||
| 020 | _a0333699378 | ||
| 040 | _c0 | ||
| 082 | _a658.408 STE | ||
| 100 |
_aSteger,Ulrich _97273 |
||
| 245 |
_aThe Strategic Dimensions of Environmental Management: _bsustaining the corporation during the age of ecological discovery _cUlrich Steger |
||
| 260 |
_aWisbaden _bMacmillan Business _c1993. |
||
| 300 | _a262p. | ||
| 500 | _aH.B | ||
| 942 |
_2ddc _cBK _kIESE |
||